| 000 | 01649nam a2200229Ia 4500 | ||
|---|---|---|---|
| 008 | 260220t2007||||xx |||||||||||||| ||spa|| | ||
| 040 |
_aPY-SlUNAC _bspa _erda |
||
| 041 | _aspa | ||
| 082 |
_a581 _bB639bs |
||
| 245 | 0 | _aBoletín de la sociedad Argentina de Botánica | |
| 264 |
_aCórdoba : _bSAB, _c℗2007. |
||
| 300 | _a1 volumen | ||
| 520 | _aEl "Boletín de la Sociedad Argentina de Botánica" es una publicación científica que compila investigaciones y artículos relacionados con la botánica en Argentina, promoviendo el estudio y la conservación de la flora nacional. En su edición de 2007, se presentan diversos trabajos que abordan temas como la taxonomía, ecología, biogeografía y la fisiología de las plantas, destacando la importancia de la biodiversidad local y su relación con los ecosistemas. La revista también incluye reseñas de libros, informes de campo y contribuciones de investigadores de distintas instituciones, lo que fomenta un intercambio académico enriquecedor. Además, el boletín sirve como plataforma para dar visibilidad a nuevos hallazgos y metodologías en el campo de la botánica, contribuyendo al desarrollo del conocimiento científico en Argentina y en la región. A través de sus publicaciones, se busca sensibilizar a la comunidad sobre la importancia de la investigación botánica y la conservación del patrimonio vegetal. | ||
| 653 | _aBotánica | ||
| 653 | _aConservación de la naturaleza | ||
| 653 | _aFlora | ||
| 942 |
_b2026/02/17 _cBK |
||
| 999 |
_c8231 _d8231 |
||